| 000 | 00815nas a2200289 4500 | ||
|---|---|---|---|
| 001 | BR9207746 | ||
| 003 | BR-BrBNA | ||
| 005 | 20231205093036.0 | ||
| 007 | ta | ||
| 008 | 230509b bl.|||p| |||| 00| 00por d | ||
| 040 |
_aBR-BrBNA _bpor _cBiblioteca Nacional de Agricultura |
||
| 041 | _a(Pt) | ||
| 072 | _aF62 | ||
| 100 | 1 | _aFigueiredo, F.J.C. | |
| 100 | 1 | _aPopinigis, F. | |
| 245 | 1 | _aSuperacao da dormencia de sementes de malva | |
| 650 | _aMALVA | ||
| 650 | _aSEMENTE | ||
| 650 | _aTESTE DE VIGOR | ||
| 650 | _aTESTE DE SEMENTES | ||
| 650 | _aGERMINACAO | ||
| 650 | _aESCARIFICACAO | ||
| 650 | _aDORMENCIA DA SEMENTE | ||
| 773 | 0 |
_tRevista Brasileira de Sementes (Brazil) _xISSN 0101-3122 _g(1979), v. 1(3) p. 1-13 _wBR9207746 |
|
| 909 |
_a202311 _bLúcia _c55 _dLúcia Elande |
||
| 942 |
_2AGRIS _n0 _cANA |
||
| 999 |
_c135830 _d135830 |
||